Big plans : the allure and folly of urban design (Record no. 7895)

000 -LEADER
fixed length control field 00395nam a22001457a 4500
003 - CONTROL NUMBER IDENTIFIER
control field OSt
005 - DATE AND TIME OF LATEST TRANSACTION
control field 20200530112052.0
008 - FIXED-LENGTH DATA ELEMENTS--GENERAL INFORMATION
fixed length control field 200530b ||||| |||| 00| 0 eng d
020 ## - INTERNATIONAL STANDARD BOOK NUMBER
International Standard Book Number 9780985467456
082 ## - DEWEY DECIMAL CLASSIFICATION NUMBER
Classification number 307.3416
Item number KOL
100 ## - MAIN ENTRY--PERSONAL NAME
Personal name Kolson, Kenneth L.,
245 ## - TITLE STATEMENT
Title Big plans : the allure and folly of urban design
260 ## - PUBLICATION, DISTRIBUTION, ETC. (IMPRINT)
Place of publication, distribution, etc America
Name of publisher, distributor, etc Johns Hopkins University Press
Date of publication, distribution, etc 2003
942 ## - ADDED ENTRY ELEMENTS (KOHA)
Source of classification or shelving scheme
Holdings
Withdrawn status Lost status Source of classification or shelving scheme Damaged status Koha normalized classification for sorting Not for loan Permanent location Current location Date acquired Full call number Barcode Date last seen Price effective from Koha item type
        307_341600000000000_KOL   BMS College of Architecture, Design and Planning BMS College of Architecture, Design and Planning 2020-05-30 307.3416 KOL AR-UG1545 2020-05-30 2020-05-30 UG Books
Copyright © 2025, The Librarian, Library and Information Centre, BMSCA D&P, Bengaluru. All Rights Reserved
web counter

Powered by Koha